| 000 | 01003nam a22001937a 4500 | ||
|---|---|---|---|
| 999 |
_c62052 _d62052 |
||
| 003 | Ge_BSU | ||
| 005 | 20240627162325.0 | ||
| 008 | 240627s1955 ge ||||| |||| 00| 0 geo d | ||
| 041 | _ageo | ||
| 080 | _a616-091(47+57)(063) ტ-37 | ||
| 100 |
_aტატიშვილი, ირ. _922359 |
||
| 245 |
_aპათოლოგანატომთა სრულიად საკავშირო კონფერენცია და მისი მნიშვნელობა / _cირ. ტატიშვილი, თ. დეკანოსიძე; რედ. ვლ. ჟღენტი. |
||
| 264 |
_aთბილისი : _bსაქმედგამის გამ-ბა და სტ., _c1955. |
||
| 300 |
_a48 გვ. ; _b21 სმ. |
||
| 653 | _aპათოლოგიური ანატომია | ||
| 653 | _aკონფერენციები | ||
| 700 |
_aჟღენტი, ვლ. _eრედაქტორი _922357 |
||
| 942 |
_2udc _cᲬᲘᲒᲜᲘ |
||